000 00769nam a2200241 i 4500
001 C2-0311791
003 PPAK
005 20180728103556.0
008 110803s2004 my |||| ||||| | eng d
020 _a9789679788860
040 _aPPAK
_beng
_cPPAK
_erda
082 0 4 _a959.5
_223
090 0 0 _a959.5
_bTEH
_dG
100 1 _aTeh, Lydia,
_eauthor
245 1 0 _aLife's like that :
_bscenes from Malaysian life
264 1 _aSubang Jaya, Selangor :
_bPelanduk Publications ,
_c2004
300 _axiv, 306 pages ;
_c21 cm
336 _2rdacontent
_atext
337 _2rdamedia
_aunmediated
338 _2rdacarrier
_avolume
650 1 0 _aMalaysia - Anecdotes. ; Malaysians - Anecdotes. ; Cultural sociology - Anecdotes. ; Social life - Anecdotes.
942 _ddc
_cB
999 _c113978
_d113978